Martillo / (Registro nro. 7903)
[ vista simple ]
| 000 -CABECERA | |
|---|---|
| campo de control de longitud fija | 00718naa a22002177a 4500 |
| 001 - NÚMERO DE CONTROL | |
| campo de control | vtls000009330 |
| 003 - IDENTIFICADOR DEL NÚMERO DE CONTROL | |
| campo de control | ES-BaIT |
| 005 - FECHA Y HORA DE LA ÚLTIMA TRANSACCIÓN | |
| campo de control | 20241217173057.0 |
| 007 - CAMPO FIJO DE DESCRIPCIÓN FÍSICA--INFORMACIÓN GENERAL | |
| campo de control de longitud fija | t| |
| 008 - DATOS DE LONGITUD FIJA--INFORMACIÓN GENERAL | |
| campo de control de longitud fija | 111114s1991 sp o || |00| |spa|d |
| 010 ## - NÚMERO DE CONTROL DE LA BIBLIOTECA DEL CONGRESO | |
| Número de control de LC | 9330 |
| 035 ## - NÚMERO DE CONTROL DEL SISTEMA | |
| Número de control de sistema | 0009-33060 |
| 039 #9 - NIVEL DE CONTROL BIBLIOGRÁFICO Y DETALLES DE CODIFICACIÓN [OBSOLETO] | |
| Nivel de reglas en descripción bibliográfica | 201701301335 |
| Nivel de esfuerzo utilizado para asignar no-encabezamientos de materia en puntos de acceso | AUTHORITY |
| Nivel de esfuerzo utilizado en la asignación de encabezamientos de materia | 201403072143 |
| Nivel de esfuerzo utilizado para asignar clasificación | VLOAD |
| Nivel de esfuerzo utilizado en la asignación de encabezamientos de materia | 201303091838 |
| Nivel de esfuerzo utilizado para asignar clasificación | VLOAD |
| Nivel de esfuerzo utilizado en la asignación de encabezamientos de materia | 201111141446 |
| Nivel de esfuerzo utilizado para asignar clasificación | VLOAD |
| 100 1# - ENTRADA PRINCIPAL--NOMBRE DE PERSONA | |
| Nombre de persona | García, Rodrigo, |
| Fechas asociadas al nombre | 1964- |
| 9 (RLIN) | 66514 |
| 245 10 - MENCIÓN DE TÍTULO | |
| Título | Martillo / |
| Mención de responsabilidad, etc. | Rodrigo García |
| 500 ## - NOTA GENERAL | |
| Nota general | P5: D2, H2 i altres |
| 773 0# - ENLACE AL DOCUMENTO FUENTE/ENTRADA DE REGISTRO ANFITRIÓN | |
| Encabezamiento principal | García, Rodrigo. |
| Lugar, editor y fecha de publicación | [Madrid]: Ministerio de Cultura, D.L.1991 |
| Parte(s) relacionada(s) | p.77-148 |
| Número de control del registro | vtls000009326 |
| Número Internacional Estándar del Libro | 84-87797-02-4 |
| Número bibliográfico anfitrión | 7899 |
| Título | Acera derecha ; Martillo ; Matando horas |
| 790 ## - Identificador-font | |
| w | 0009-32660 |
| 790 ## - Identificador-font | |
| a | 000932660 |
| 942 ## - ELEMENTOS DE ENTRADA AGREGADA (KOHA) | |
| Tipo de ítem Koha | Article |
| Fuente del sistema de clasificación o colocación | Clasificación decimal universal |
No hay ítems disponibles.


